| 000 -LEADER |
| fixed length control field |
01247cas a2200373 a 4500 |
| 001 - CONTROL NUMBER |
| control field |
13327181 |
| 005 - DATE AND TIME OF LATEST TRANSACTION |
| control field |
20180202080100.0 |
| 006 - FIXED-LENGTH DATA ELEMENTS--ADDITIONAL MATERIAL CHARACTERISTICS--GENERAL INFORMATION |
| fixed length control field |
m d |
| 007 - PHYSICAL DESCRIPTION FIXED FIELD--GENERAL INFORMATION |
| fixed length control field |
co ugu |
| 008 - FIXED-LENGTH DATA ELEMENTS--GENERAL INFORMATION |
| fixed length control field |
030828c199u9999vauar sql 0 a0eng |
| 010 ## - LIBRARY OF CONGRESS CONTROL NUMBER |
| LC control number |
2004202600 |
| 022 0# - INTERNATIONAL STANDARD SERIAL NUMBER |
| International Standard Serial Number |
1551-0409 |
| Source |
1 |
| 035 ## - SYSTEM CONTROL NUMBER |
| System control number |
(OCoLC)ocm55594314 |
| 037 ## - SOURCE OF ACQUISITION |
| Source of stock number/acquisition |
LexisNexis, P.O. Box 7587, Charlottesville, VA 22906-7587 |
| 040 ## - CATALOGING SOURCE |
| Original cataloging agency |
DLC |
| Language of cataloging |
eng |
| Transcribing agency |
DLC |
| Modifying agency |
NSDP |
| -- |
OCoLC |
| 041 ## - LANGUAGE CODE |
| Language code of text/sound track or separate title |
eng |
| 042 ## - AUTHENTICATION CODE |
| Authentication code |
pcc |
| -- |
nsdp |
| 043 ## - GEOGRAPHIC AREA CODE |
| Geographic area code |
n-us-nb |
| 080 ## - UNIVERSAL DECIMAL CLASSIFICATION NUMBER |
| Universal Decimal Classification number |
344 |
| 082 10 - DEWEY DECIMAL CLASSIFICATION NUMBER |
| Classification number |
344 BLI |
| Edition number |
13 |
| 100 ## - Rafti |
| Rafti |
14 |
| 101 ## - Shkurtesa |
| Shkurtesa |
SHJ |
| 222 #0 - KEY TITLE |
| Key title |
Nebraska education laws |
| Qualifying information |
(CD-ROM) |
| 240 10 - UNIFORM TITLE |
| Uniform title |
<a href="Nebraska education laws (CD-ROM)">Nebraska education laws (CD-ROM)</a> |
| 245 10 - TITLE STATEMENT |
| Title |
Nebraska education laws |
| 246 1# - VARYING FORM OF TITLE |
| Display text |
Issues for 2000- have title: |
| Title proper/short title |
Nebraska education laws on CD-ROM |
| 310 ## - CURRENT PUBLICATION FREQUENCY |
| Current publication frequency |
Annual |
| 530 ## - ADDITIONAL PHYSICAL FORM AVAILABLE NOTE |
| Additional physical form available note |
Also issued in print. |
| 776 1# - ADDITIONAL PHYSICAL FORM ENTRY |
| Main entry heading |
Nebraska. |
| Title |
Nebraska education laws |
| International Standard Serial Number |
1537-8535 |
| Record control number |
(DLC) 2001207040 |
| -- |
(OCoLC)47102803 |
| 906 ## - LOCAL DATA ELEMENT F, LDF (RLIN) |
| a |
7 |
| b |
cbc |
| c |
serials |
| d |
2 |
| e |
ncip |
| f |
20 |
| g |
n-oclcserc |
| 942 ## - ADDED ENTRY ELEMENTS (KOHA) |
| Source of classification or shelving scheme |
|
| Item type |
Books |